00912nam a22001935i 4500001000700000003000900007005001700016008004100033040002000074100002200094245015100116260005800267300002100325490002700346500006800373700001800441830002700459852023200486160536ES-MaACL20250824053551.0041007s1876 sp |||| | spa d aCAM bspa cCAM1 aNavarro, Calisto.10aDos entre dos b: juguete cómico-lírico en un acto y en verso /carreglado del francés por Calisto Navarro ; música del mtro. Angel Rubio. aMadrid : b[s.n.], c1876 (fImprenta de G. Alhambra) a29 p. ; c18 cm.1 aBiblioteca dramática aEn port.:Estrenado con aplauso en Madrid, en el teatro Romea,.0 aRubio, Angel.00aBiblioteca dramática aES-MaACLjF-8578(9) z-- Enc. pasta española z-- Dedicatoria ms. del autor a Angel Povedano q-- Falto de la cub. original z-- Enc. en un vol. facticio formando parte de la col. faciticia "Teatro español moderno", vol. 31